[Event "Minsk Amateur op"]
[Site "Minsk"]
[Date "2018.07.01"]
[Round "9"]
[White "Klachkou, Tsimafei"]
[Black "Gasparian, Tigran"]
[Result "0-1"]
[WhiteElo "2017"]
[BlackElo "2192"]
[PlyCount "94"]
[EventDate "2018.06.25"]
[EventType "swiss"]
[EventRounds "9"]
[EventCountry "BLR"]
[SourceTitle "CBM 185 Extra"]
[Source "ChessBase"]
[SourceDate "2018.07.29"]
[SourceVersion "1"]
[SourceVersionDate "2018.07.29"]
[SourceQuality "1"]

1. e4 c5 2. Nc3 e6 3. g3 Nc6 4. Bg2 g6 5. Nge2 Bg7 6. 0-0 Nge7 7. d3 0-0 8. Be3 Nd4 9. f4 d5 10. Bf2 Nxe2+ 11. Qxe2 d4 12. Nb1 e5 13. Nd2 Nc6 14. f5 gxf5 15. exf5 Bxf5 16. Nc4 Qd7 17. Be1 Rae8 18. Bxc6 bxc6 19. Rxf5 Qxf5 20. Nd6 Qe6 21. Nxe8 Rxe8 22. Bd2 f5 23. b3 e4 24. Bf4 h6 25. Rf1 Kh7 26. Qh5 Rd8 27. dxe4 fxe4 28. Qxc5 d3 29. Kg2 d2 30. Rd1 Bd4 31. Qa5 Bb6 32. Qh5 e3 33. Kf1 Rd5 34. Qe2 Qe4 35. Kg1 Qxc2 36. Kg2 Qe4+ 37. Kh3 Kg6 38. Qg4+ Rg5 39. Bxg5 Qxg4+ 40. Kxg4 e2 41. Rxd2 h5+ 42. Kf3 e1Q 43. Bf4 Qh1+ 44. Ke2 Qxh2+ 45. Kd3 Qh3 46. Kc4 Qf1+ 47. Kb4 Ba5+ 0-1

[Event "Minsk Amateur op"]
[Site "Minsk"]
[Date "2018.06.28"]
[Round "6"]
[White "Gasparian, Tigran"]
[Black "Lystsov, Leonid"]
[Result "1/2-1/2"]
[WhiteElo "2192"]
[BlackElo "2086"]
[PlyCount "72"]
[EventDate "2018.06.25"]
[EventType "swiss"]
[EventRounds "9"]
[EventCountry "BLR"]
[SourceTitle "CBM 185 Extra"]
[Source "ChessBase"]
[SourceDate "2018.07.29"]
[SourceVersion "1"]
[SourceVersionDate "2018.07.29"]
[SourceQuality "1"]

1. e4 c5 2. Nc3 Nc6 3. Nf3 g6 4. Bc4 Bg7 5. 0-0 d6 6. Re1 e5 7. d3 Nge7 8. Bg5 0-0 9. Nd5 Kh8 10. Bxe7 Nxe7 11. c3 f5 12. h3 Rb8 13. a4 a6 14. b4 Nxd5 15. Bxd5 f4 16. Qb3 g5 17. Be6 Qe7 18. Bxc8 Rfxc8 19. Nd2 h5 20. Qd1 Qf7 21. Nc4 Qg6 22. bxc5 dxc5 23. a5 g4 24. Rb1 Rc6 25. Kf1 f3 26. Ne3 Rf6 27. Nf5 Rxf5 28. exf5 Qxf5 29. Kg1 Rf8 30. g3 h4 31. Qa4 hxg3 32. Qxg4 gxf2+ 33. Kxf2 Qxd3 34. Rxb7 Qd2+ 35. Kf1 Qd3+ 36. Kf2 Qd2+ 1/2-1/2

[Event "Minsk Amateur op"]
[Site "Minsk"]
[Date "2018.06.28"]
[Round "5"]
[White "Kocheev, Aleksandr"]
[Black "Gasparian, Tigran"]
[Result "1-0"]
[WhiteElo "2316"]
[BlackElo "2192"]
[PlyCount "117"]
[EventDate "2018.06.25"]
[EventType "swiss"]
[EventRounds "9"]
[EventCountry "BLR"]
[SourceTitle "CBM 185 Extra"]
[Source "ChessBase"]
[SourceDate "2018.07.29"]
[SourceVersion "1"]
[SourceVersionDate "2018.07.29"]
[SourceQuality "1"]

1. e4 c5 2. Nf3 Nc6 3. Bb5 e6 4. b3 Nge7 5. Bb2 a6 6. Be2 d5 7. exd5 Nxd5 8. 0-0 Be7 9. Bxg7 Rg8 10. Bh6 e5 11. Nc3 Bh3 12. Ne1 Qd6 13. Be3 Bxg2 14. Nxg2 Qg6 15. Bf3 Nxc3 16. dxc3 Rd8 17. Qe2 e4 18. Bf4 exf3 19. Qxf3 Qxc2 20. Rad1 Qf5 21. Kh1 Qg4 22. Rxd8+ Nxd8 23. Qd5 Qe6 24. Rd1 Qxd5 25. Rxd5 Ne6 26. Be3 Rg6 27. Rh5 Ng7 28. Rxh7 Nf5 29. Rh5 Rd6 30. Rxf5 Rd1+ 31. Ne1 Rxe1+ 32. Kg2 Ra1 33. Re5 Kd7 34. Bxc5 Bxc5 35. Rxc5 Rxa2 36. h4 b6 37. Rg5 Re2 38. h5 Re6 39. c4 Ke7 40. Kg3 Kf6 41. Rg4 Kf5 42. Rh4 Rh6 43. Rd4 Rc6 44. Rd5+ Kf6 45. Kf4 Kg7 46. Ke4 a5 47. Kd4 Rf6 48. Rb5 Rf4+ 49. Kd5 Rxf2 50. Rxb6 Rf5+ 51. Kd6 Rxh5 52. c5 Rh3 53. c6 Rd3+ 54. Ke7 Re3+ 55. Kd7 Rd3+ 56. Kc8 a4 57. bxa4 Ra3 58. c7 Rxa4 59. Kb7 1-0

[Event "Yerevan op 2nd"]
[Site "Yerevan"]
[Date "2017.09.27"]
[Round "9"]
[White "Martirosyan, Garik"]
[Black "Gasparian, Tigran"]
[Result "0-1"]
[WhiteElo "2018"]
[BlackElo "2208"]
[PlyCount "56"]
[EventDate "2017.09.19"]
[EventType "swiss"]
[EventRounds "9"]
[EventCountry "ARM"]
[SourceTitle "EXT 2018"]
[Source "ChessBase"]
[SourceDate "2017.10.13"]
[SourceVersion "1"]
[SourceVersionDate "2017.10.13"]
[SourceQuality "1"]

1. d4 e6 2. c4 Bb4+ 3. Nc3 f5 4. f3 Nf6 5. Nh3 0-0 6. Bd2 d6 7. a3 Bxc3 8. Bxc3 Qe7 9. e3 e5 10. Qc2 Re8 11. d5 c6 12. e4 fxe4 13. fxe4 cxd5 14. exd5 Bxh3 15. gxh3 Nbd7 16. 0-0-0 Rec8 17. Kb1 Nb6 18. b3 Nbxd5 19. Bd2 Nc7 20. Bb4 Rd8 21. Bg2 a5 22. Bc3 Ne6 23. Rhf1 a4 24. b4 Qf7 25. Bd5 Nxd5 26. cxd5 Nf4 27. Qe4 Rac8 28. Bd2 Qxd5 0-1

[Event "Yerevan op 2nd"]
[Site "Yerevan"]
[Date "2017.09.26"]
[Round "8"]
[White "Gasparian, Tigran"]
[Black "Mkrtchyan, Mariam"]
[Result "1-0"]
[WhiteElo "2208"]
[BlackElo "1794"]
[PlyCount "101"]
[EventDate "2017.09.19"]
[EventType "swiss"]
[EventRounds "9"]
[EventCountry "ARM"]
[SourceTitle "EXT 2018"]
[Source "ChessBase"]
[SourceDate "2017.10.13"]
[SourceVersion "1"]
[SourceVersionDate "2017.10.13"]
[SourceQuality "1"]

1. b3 d6 2. Bb2 e5 3. e3 Nf6 4. c4 Bg4 5. Be2 Bxe2 6. Nxe2 Be7 7. 0-0 0-0 8. d4 Nbd7 9. Nbc3 c6 10. Qc2 Qc7 11. Rad1 Rad8 12. h3 Rfe8 13. e4 exd4 14. Nxd4 Bf8 15. Rfe1 a6 16. Bc1 d5 17. cxd5 cxd5 18. Nxd5 Nxd5 19. exd5 Rxe1+ 20. Rxe1 Qa5 21. Rd1 Nf6 22. Nf5 Rxd5 23. Rxd5 Qxd5 24. Bb2 Qe6 25. g4 Ne8 26. Qc3 Qd7 27. Nh6+ Kh8 28. Qc4 Nd6 29. Qd5 Qe6 30. Qxe6 fxe6 31. Be5 Ne4 32. Kf1 b6 33. Ke2 Be7 34. f3 Nf6 35. g5 Nd7 36. Bc3 b5 37. h4 Bc5 38. f4 Nf8 39. h5 Bb6 40. Kd3 Bc7 41. Ke4 Nd7 42. Bd4 Bb6 43. Ng4 Kg8 44. Ne5 Nc5+ 45. Ke3 a5 46. a3 Kh8 47. h6 Kg8 48. hxg7 b4 49. axb4 axb4 50. Ng4 Nd7 51. Nh6# 1-0

[Event "Yerevan op 2nd"]
[Site "Yerevan"]
[Date "2017.09.23"]
[Round "5"]
[White "Baghdasaryan, Vahe"]
[Black "Gasparian, Tigran"]
[Result "1-0"]
[WhiteElo "2440"]
[BlackElo "2208"]
[PlyCount "148"]
[EventDate "2017.09.19"]
[EventType "swiss"]
[EventRounds "9"]
[EventCountry "ARM"]
[SourceTitle "CBM 180 Extra"]
[Source "ChessBase"]
[SourceDate "2017.10.06"]
[SourceVersion "1"]
[SourceVersionDate "2017.10.06"]
[SourceQuality "1"]

1. e4 e6 2. d4 d5 3. Nc3 dxe4 4. Nxe4 Nd7 5. Nf3 Ngf6 6. Nxf6+ Nxf6 7. Be3 Be7 8. Bd3 0-0 9. c3 b6 10. Qc2 Bb7 11. 0-0-0 Bxf3 12. gxf3 g6 13. h4 Nh5 14. Be4 Rc8 15. Bh6 Ng7 16. f4 Bxh4 17. Qe2 Bf6 18. Rh3 Qd6 19. Rdh1 c5 20. Kb1 cxd4 21. Bg5 Bxg5 22. fxg5 h5 23. gxh6 Nf5 24. Bxf5 exf5 25. Rd1 Rfe8 26. Qf1 Re4 27. f3 Rf4 28. Qe2 Rd8 29. h7+ Kh8 30. Re1 Rf8 31. Qd2 d3 32. Re3 Qf6 33. Rxd3 Rh4 34. Rd6 Qe7 35. Rd7 Qxd7 36. Qxd7 Rxh3 37. Qxa7 Kxh7 38. Qxb6 Rxf3 39. a4 f4 40. a5 Rf1+ 41. Kc2 f3 42. Qb7 f2 43. Qg2 Ra1 44. Qxf2 Rxa5 45. Qh4+ Kg8 46. b4 Rb5 47. Qe7 Rfb8 48. Kd3 R5b7 49. Qf6 Rb6 50. Qe7 R8b7 51. Qe8+ Kg7 52. Qe5+ f6 53. Qe8 g5 54. Ke4 Rb5 55. Kf3 Rf5+ 56. Kg2 Re5 57. Qc6 Reb5 58. Qc8 Re7 59. Qc6 Reb7 60. Kg3 R5b6 61. Qc8 Re7 62. Qd8 Rbe6 63. b5 Re2 64. Qd5 R2e3+ 65. Kf2 Rxc3 66. b6 Rc2+ 67. Kf3 Rc8 68. Qd6 Rb7 69. Kg4 Rcb8 70. Kf5 Rxb6 71. Qc7+ Kh6 72. Qh2+ Kg7 73. Qc7+ Kh8 74. Kg6 f5+ 1-0

[Event "Yerevan op 2nd"]
[Site "Yerevan"]
[Date "2017.09.22"]
[Round "4"]
[White "Gasparian, Tigran"]
[Black "Hakobyan, Romik"]
[Result "1-0"]
[WhiteElo "2208"]
[BlackElo "1927"]
[PlyCount "85"]
[EventDate "2017.09.19"]
[EventType "swiss"]
[EventRounds "9"]
[EventCountry "ARM"]
[SourceTitle "CBM 180 Extra"]
[Source "ChessBase"]
[SourceDate "2017.10.06"]
[SourceVersion "1"]
[SourceVersionDate "2017.10.06"]
[SourceQuality "1"]

1. c4 e5 2. Nc3 Nf6 3. Nf3 Nc6 4. e3 g6 5. d4 d6 6. b4 e4 7. Nd2 Bf5 8. Be2 h5 9. 0-0 Bh6 10. b5 Nb8 11. Qc2 Qe7 12. a4 0-0 13. Ba3 Re8 14. c5 Qd8 15. Nc4 d5 16. Na5 Qc8 17. c6 bxc6 18. bxc6 Re6 19. Na2 Bg4 20. Rfc1 Qd8 21. Nb7 Qe8 22. Nc5 Rd6 23. Nd7 Re6 24. Nxf6+ Rxf6 25. Bxg4 Rxc6 26. Bc5 hxg4 27. Nb4 Re6 28. Nxd5 Qd8 29. Nc3 Qh4 30. Nxe4 Nd7 31. Ng3 Rae8 32. d5 Re5 33. Bxa7 Rxd5 34. Rd1 Rxd1+ 35. Rxd1 Ne5 36. Qxc7 Bf8 37. Bd4 Bg7 38. a5 Qg5 39. a6 Qh4 40. a7 Nf3+ 41. gxf3 gxf3 42. Qc6 Qh3 43. Qxf3 1-0

[Event "Yerevan op 2nd"]
[Site "Yerevan"]
[Date "2017.09.20"]
[Round "2"]
[White "Gasparian, Tigran"]
[Black "Minasian, Artashes"]
[Result "0-1"]
[WhiteElo "2208"]
[BlackElo "2492"]
[PlyCount "80"]
[EventDate "2017.09.19"]
[EventType "swiss"]
[EventRounds "9"]
[EventCountry "ARM"]
[SourceTitle "CBM 180 Extra"]
[Source "ChessBase"]
[SourceDate "2017.10.06"]
[SourceVersion "1"]
[SourceVersionDate "2017.10.06"]
[SourceQuality "1"]

1. Nf3 g6 2. e4 Bg7 3. Bc4 e6 4. Bb3 d5 5. exd5 exd5 6. 0-0 Ne7 7. d4 Nbc6 8. c3 Qd6 9. Na3 a6 10. Re1 0-0 11. Nc2 Na5 12. Nb4 Nxb3 13. axb3 Bf5 14. Nd3 Rae8 15. Bf4 Qd8 16. Nc5 Bc8 17. h3 Nf5 18. Qd2 f6 19. Rxe8 Rxe8 20. Re1 Rxe1+ 21. Qxe1 Kf7 22. Nd2 b6 23. Nd3 a5 24. f3 Ba6 25. Nf2 Bf8 26. g4 Ng7 27. Qe3 Ne6 28. Bg3 c5 29. Kg2 cxd4 30. cxd4 Qc8 31. f4 Qc2 32. Nf3 Qe2 33. Qc1 Bd3 34. f5 gxf5 35. gxf5 Bxf5 36. Ng1 Be4+ 37. Kh2 Qc2 38. Qe3 Qxb2 39. Ne2 Ng5 40. h4 Nf3+ 0-1

[Event "Satka Summer op"]
[Site "Satka"]
[Date "2014.07.09"]
[Round "9"]
[White "Ibragimov, Maxim"]
[Black "Gasparian, Tigran"]
[Result "0-1"]
[WhiteElo "2154"]
[BlackElo "2164"]
[PlyCount "94"]
[EventDate "2014.07.02"]
[EventType "swiss"]
[EventRounds "9"]
[EventCountry "RUS"]
[SourceTitle "CBM 161 Extra"]
[Source "ChessBase"]
[SourceDate "2014.08.29"]
[SourceVersion "1"]
[SourceVersionDate "2014.08.29"]
[SourceQuality "1"]

1. e4 c5 2. Nf3 Nf6 3. Nc3 Nc6 4. d4 d5 5. e5 Ne4 6. Bd3 Nxc3 7. bxc3 Bg4 8. Be3 e6 9. 0-0 Qa5 10. Qb1 Rb8 11. Bb5 Qc7 12. Be2 Be7 13. h3 Bxf3 14. Bxf3 0-0 15. Bg4 Rfc8 16. a3 Na5 17. Ra2 Nc4 18. Be2 cxd4 19. cxd4 Qa5 20. Bd3 b5 21. Qb3 g6 22. a4 Nxe3 23. fxe3 Qd2 24. Kh1 b4 25. Raa1 Rc3 26. Qb1 Qxe3 27. Rf3 Qxd4 28. Qf1 Qxe5 29. Re1 Qg7 30. Qf2 Rc7 31. Qg3 Rcb7 32. Ref1 f5 33. Re1 Qf6 34. Re2 Rb6 35. Qe1 Rd6 36. g4 f4 37. g5 Qf7 38. h4 b3 39. cxb3 Rc8 40. Qf2 Qg7 41. Rxf4 e5 42. Rg4 Rd7 43. Bb5 Rdc7 44. Ba6 Rf8 45. Qg2 e4 46. Rc2 Qa1+ 47. Kh2 Bd6+ 0-1

[Event "Satka Summer op"]
[Site "Satka"]
[Date "2014.07.03"]
[Round "2"]
[White "Alekseeva, Irina Kon"]
[Black "Gasparian, Tigran"]
[Result "0-1"]
[WhiteElo "2013"]
[BlackElo "2164"]
[PlyCount "56"]
[EventDate "2014.07.02"]
[EventType "swiss"]
[EventRounds "9"]
[EventCountry "RUS"]
[SourceTitle "CBM 161 Extra"]
[Source "ChessBase"]
[SourceDate "2014.08.29"]
[SourceVersion "1"]
[SourceVersionDate "2014.08.29"]
[SourceQuality "1"]

1. e4 c5 2. Nf3 e6 3. d4 cxd4 4. Nxd4 Nf6 5. Nc3 Nc6 6. Nxc6 bxc6 7. e5 Nd5 8. Ne4 Qc7 9. f4 Qa5+ 10. Bd2 Qb6 11. c4 Qd4 12. Nd6+ Bxd6 13. cxd5 Bc5 14. Qg4 Qxb2 15. Rc1 Bb4 16. Rd1 0-0 17. dxc6 dxc6 18. Qf3 Rd8 19. Bd3 Ba6 20. Bxa6 Bxd2+ 21. Kf1 Bxf4 22. Bd3 Bxe5 23. Qxc6 Rac8 24. Qe4 g6 25. Qe2 Qd4 26. g3 Qd5 27. Rg1 Rc3 28. Bc2 Rf3+ 0-1

[Event "EU-ch 15th"]
[Site "Yerevan"]
[Date "2014.03.12"]
[Round "9"]
[White "Gasparian, Tigran"]
[Black "Sayadyan, Edvard"]
[Result "1-0"]
[WhiteElo "2165"]
[BlackElo "2010"]
[PlyCount "67"]
[EventDate "2014.03.03"]
[EventType "swiss"]
[EventRounds "11"]
[EventCountry "ARM"]
[SourceTitle "CBM 160"]
[Source "ChessBase"]
[SourceDate "2014.05.15"]
[SourceVersion "1"]
[SourceVersionDate "2014.05.15"]
[SourceQuality "1"]

1. d4 Nf6 2. Bg5 e6 3. e4 d5 4. Nc3 dxe4 5. Nxe4 Be7 6. Bxf6 gxf6 7. c4 b6 8. Nf3 Bb7 9. Nc3 c6 10. g3 f5 11. Bg2 Bf6 12. 0-0 Qd6 13. Re1 0-0 14. g4 Qf4 15. gxf5 c5 16. fxe6 fxe6 17. Rxe6 Bxd4 18. Nd5 Bxd5 19. cxd5 Bxb2 20. Rb1 Bg7 21. Re7 Na6 22. Qe2 Nc7 23. d6 Qxd6 24. Rd1 Qf4 25. Rdd7 Ne8 26. Ne5 Rc8 27. Bd5+ Kh8 28. Nf7+ Rxf7 29. Rxf7 Qc1+ 30. Qf1 Qg5+ 31. Kh1 Qe5 32. Qg1 h6 33. Rf8+ Kh7 34. Qb1+ 1-0

[Event "EU-ch 15th"]
[Site "Yerevan"]
[Date "2014.03.07"]
[Round "5"]
[White "Gasparian, Tigran"]
[Black "Karapetyan, Lusine"]
[Result "1-0"]
[WhiteElo "2165"]
[BlackElo "1985"]
[PlyCount "83"]
[EventDate "2014.03.03"]
[EventType "swiss"]
[EventRounds "11"]
[EventCountry "ARM"]
[SourceTitle "CBM 160"]
[Source "ChessBase"]
[SourceDate "2014.05.15"]
[SourceVersion "1"]
[SourceVersionDate "2014.05.15"]
[SourceQuality "1"]

1. e4 e5 2. Nf3 Nc6 3. Nc3 Nf6 4. Bb5 Bb4 5. 0-0 0-0 6. d3 d6 7. Bxc6 bxc6 8. Ne2 Re8 9. Ng3 d5 10. c3 Ba5 11. Re1 Bb6 12. h3 Qd6 13. Qc2 h6 14. b3 Nh7 15. c4 a5 16. Bb2 Ng5 17. Nxg5 hxg5 18. Rac1 dxc4 19. dxc4 Bc5 20. Nf5 Qf6 21. Rcd1 Be6 22. a4 Rab8 23. Bc3 Ra8 24. Re2 Kh7 25. Rd3 g6 26. Ne3 Kg7 27. Qb2 Bc8 28. Qd2 Bb6 29. Re1 Qe7 30. Rd1 f6 31. Ng4 Be6 32. g3 Rh8 33. Kg2 Rh5 34. Rf3 Rah8 35. Nxf6 Bxh3+ 36. Kg1 Qxf6 37. Rxf6 Kxf6 38. c5 Bg4 39. Bxe5+ Kxe5 40. Qd4+ Ke6 41. Qd7+ Ke5 42. Qe7+ 1-0

[Event "EU-ch 15th"]
[Site "Yerevan"]
[Date "2014.03.05"]
[Round "3"]
[White "Gasparian, Tigran"]
[Black "Schachinger, Mario"]
[Result "0-1"]
[WhiteElo "2165"]
[BlackElo "2398"]
[PlyCount "92"]
[EventDate "2014.03.03"]
[EventType "swiss"]
[EventRounds "11"]
[EventCountry "ARM"]
[SourceTitle "CBM 160"]
[Source "ChessBase"]
[SourceDate "2014.05.15"]
[SourceVersion "1"]
[SourceVersionDate "2014.05.15"]
[SourceQuality "1"]

1. e4 c6 2. Nc3 d5 3. Nf3 Bg4 4. h3 Bxf3 5. Qxf3 e6 6. g3 Nf6 7. Bg2 Be7 8. 0-0 0-0 9. d3 Nbd7 10. g4 Ne8 11. Qg3 d4 12. Ne2 Bh4 13. Qh2 e5 14. f4 exf4 15. Bxf4 Nc5 16. Ng3 Ne6 17. Bd2 g6 18. e5 f6 19. Ne4 f5 20. gxf5 gxf5 21. Nd6 Nxd6 22. exd6 Qf6 23. Kh1 Kh8 24. c3 Rg8 25. Bf4 Nxf4 26. Qxf4 dxc3 27. bxc3 Qg7 28. Bf3 Bg3 29. Qxf5 Raf8 30. Qh5 Rf6 31. d7 Rh6 32. Qf5 Rf6 33. Qh5 Qxd7 34. Be4 Bf2 35. Rab1 b6 36. Rb2 Rgf8 37. Rbxf2 Rxf2 38. Qe5+ Qg7 39. Qxg7+ Kxg7 40. Rg1+ Kh6 41. Rg4 R8f4 42. Rxf4 Rxf4 43. Bxc6 Rf2 44. a4 Kg5 45. Kg1 Rc2 46. c4 Kh4 0-1

[Event "EU-ch 15th"]
[Site "Yerevan"]
[Date "2014.03.03"]
[Round "1"]
[White "Gasparian, Tigran"]
[Black "Ter Sahakyan, Samvel"]
[Result "1/2-1/2"]
[WhiteElo "2165"]
[BlackElo "2572"]
[PlyCount "120"]
[EventDate "2014.03.03"]
[EventType "swiss"]
[EventRounds "11"]
[EventCountry "ARM"]
[SourceTitle "CBM 160"]
[Source "ChessBase"]
[SourceDate "2014.05.15"]
[SourceVersion "1"]
[SourceVersionDate "2014.05.15"]
[SourceQuality "1"]

1. d4 Nf6 2. Bg5 d5 3. Nd2 e6 4. e4 h6 5. Bxf6 Qxf6 6. Ngf3 g6 7. Bd3 Bg7 8. Qe2 0-0 9. c3 Nd7 10. 0-0 c6 11. h3 dxe4 12. Nxe4 Qe7 13. Rfe1 a5 14. Rad1 b6 15. Qe3 Bb7 16. Qf4 Ra7 17. Ne5 Ba8 18. h4 Rd8 19. Bc2 c5 20. Ba4 Nxe5 21. dxe5 Bxe4 22. Qxe4 Raa8 23. g3 Qc7 24. f4 Rxd1 25. Rxd1 Rd8 26. Kf1 g5 27. hxg5 hxg5 28. Rxd8+ Qxd8 29. Ke2 gxf4 30. gxf4 Qh4 31. Bc2 Qh2+ 32. Kf3 c4 33. f5 Qh3+ 34. Ke2 exf5 35. Qxf5 Qg2+ 36. Kd1 Qd5+ 37. Ke2 Qg2+ 38. Kd1 Qd5+ 39. Ke2 Bxe5 40. Qh7+ Kf8 41. Qh6+ Bg7 42. Qxb6 Qh5+ 43. Kf1 Qh3+ 44. Ke2 Qg4+ 45. Kf1 Qf4+ 46. Ke2 Be5 47. Qe3 Qg4+ 48. Qf3 Qg5 49. Qe3 Bf4 50. Qe4 Bc1 51. b3 Qd2+ 52. Kf1 Qxc3 53. bxc4 Ba3 54. Bb1 Bb4 55. Qd3 Qe5 56. Qe4 Qf6+ 57. Ke2 Qg5 58. Kf3 Bc5 59. Qa8+ Kg7 60. Qe4 a4 1/2-1/2

[Event "Jermuk Asrian Memorial 6th"]
[Site "Jermuk"]
[Date "2013.06.20"]
[Round "5"]
[White "Imnadze, Nato"]
[Black "Gasparian, Tigran"]
[Result "1/2-1/2"]
[WhiteElo "2059"]
[BlackElo "2181"]
[PlyCount "117"]
[EventDate "2013.06.16"]
[EventType "swiss"]
[EventRounds "9"]
[EventCountry "ARM"]
[SourceTitle "CBM 155 Extra"]
[Source "ChessBase"]
[SourceDate "2013.08.26"]
[SourceVersion "1"]
[SourceVersionDate "2013.08.26"]
[SourceQuality "1"]

1. e4 c5 2. Nc3 Nc6 3. g3 Rb8 4. a4 a6 5. Bg2 b5 6. axb5 axb5 7. d3 g6 8. Be3 d6 9. f4 b4 10. Nce2 e5 11. Nf3 Bg7 12. fxe5 Nxe5 13. Nxe5 Bxe5 14. d4 cxd4 15. Nxd4 Ne7 16. 0-0 0-0 17. Qd2 Qc7 18. Ra4 Nc6 19. Nxc6 Qxc6 20. Rxb4 Rxb4 21. Qxb4 Qxc2 22. Bd4 Ba6 23. Ra1 Be2 24. Bxe5 dxe5 25. Qc3 Qxc3 26. bxc3 Rd8 27. Rc1 Rd2 28. c4 Kf8 29. c5 Ke7 30. Bh3 Rd1+ 31. Rxd1 Bxd1 32. Kf2 Kd8 33. Bf1 Bb3 34. g4 f6 35. Bb5 Kc7 36. Ke3 Be6 37. h3 g5 38. Kd3 Bf7 39. Bc4 Be8 40. Bd5 Bb5+ 41. Bc4 Be8 42. Bg8 Bg6 43. Bd5 h5 44. Kc3 hxg4 45. hxg4 Be8 46. c6 Kd6 47. Kc4 Bg6 48. Kb5 Kc7 49. Kc4 Kb6 50. Kb4 Be8 51. Kc4 Bg6 52. Kb4 Bh7 53. Kc4 Kc7 54. Kc5 Bg6 55. Kc4 Kd6 56. Kb5 Kc7 57. Kc4 Be8 58. Kc5 Bg6 59. Kc4 1/2-1/2

[Event "Jermuk Asrian Memorial 5th"]
[Site "Jermuk"]
[Date "2012.06.20"]
[Round "5"]
[White "Gabuzyan, Hovhannes"]
[Black "Gasparian, Tigran"]
[Result "1-0"]
[WhiteElo "2457"]
[BlackElo "2198"]
[PlyCount "47"]
[EventDate "2012.06.16"]
[EventType "swiss"]
[EventRounds "9"]
[EventCountry "ARM"]
[SourceTitle "CBM 149 Extra"]
[Source "ChessBase"]
[SourceDate "2012.08.24"]
[SourceVersion "1"]
[SourceVersionDate "2012.08.24"]
[SourceQuality "1"]

1. Nf3 d5 2. c4 e6 3. d4 c6 4. Nbd2 Nd7 5. e4 dxe4 6. Nxe4 Ngf6 7. Bd3 c5 8. 0-0 Nxe4 9. Bxe4 Nf6 10. Bg5 Be7 11. Bc2 cxd4 12. Nxd4 a6 13. Re1 Bd7 14. Qf3 Qb6 15. Rad1 Rc8 16. b3 h6 17. Bh4 Bc6 18. Qh3 Bd7 19. Nf5 exf5 20. Rxd7 Kxd7 21. Bxf5+ Kc7 22. Rxe7+ Kb8 23. Bxc8 Rxc8 24. Bg3+ 1-0

[Event "Jermuk Asrian Memorial 5th"]
[Site "Jermuk"]
[Date "2012.06.18"]
[Round "3"]
[White "Gasparian, Tigran"]
[Black "Minasian, Artashes"]
[Result "0-1"]
[WhiteElo "2198"]
[BlackElo "2506"]
[PlyCount "56"]
[EventDate "2012.06.16"]
[EventType "swiss"]
[EventRounds "9"]
[EventCountry "ARM"]
[SourceTitle "CBM 149 Extra"]
[Source "ChessBase"]
[SourceDate "2012.08.24"]
[SourceVersion "1"]
[SourceVersionDate "2012.08.24"]
[SourceQuality "1"]

1. e4 e6 2. d4 d5 3. Nc3 Bb4 4. Nge2 Ne7 5. a3 Ba5 6. g3 dxe4 7. b4 Bb6 8. Nxe4 a5 9. c4 axb4 10. Bg2 Nbc6 11. c5 Ba5 12. 0-0 0-0 13. axb4 Nxb4 14. Nf4 Nbd5 15. Nh5 Bd7 16. Nxg7 Kxg7 17. Rxa5 Rxa5 18. Qd2 f5 19. Qxa5 fxe4 20. Bxe4 Bc6 21. Re1 Nf6 22. Bxc6 Nxc6 23. Qb5 Nxd4 24. Qxb7 Qd5 25. Qxd5 exd5 26. Kg2 Ne4 27. Rd1 Rxf2+ 28. Kh3 Ne2 0-1

[Event "Moscow op-B 04th"]
[Site "Moscow"]
[Date "2008.02.08"]
[Round "7"]
[White "Kartsev, Sergei"]
[Black "Gasparian, Tigran"]
[Result "0-1"]
[WhiteElo "2085"]
[BlackElo "2255"]
[PlyCount "50"]
[EventDate "2008.02.02"]
[EventType "swiss"]
[EventRounds "9"]
[EventCountry "RUS"]
[SourceTitle "CBM 122 Extra"]
[Source "ChessBase"]
[SourceDate "2008.03.04"]
[SourceVersion "1"]
[SourceVersionDate "2008.03.04"]
[SourceQuality "1"]

1. e4 e5 2. Nf3 Nc6 3. Bb5 g6 4. Nc3 Bg7 5. d3 Nge7 6. h4 d5 7. exd5 Nxd5 8. Nxd5 Qxd5 9. Bc4 Qc5 10. Ng5 f6 11. Bf7+ Kf8 12. Ne4 Qe7 13. Bd5 Be6 14. Bxc6 bxc6 15. h5 f5 16. Bg5 Qb4+ 17. Bd2 Qxb2 18. Rb1 Qxa2 19. Bb4+ Ke8 20. Nc3 Qa6 21. Qf3 Kd7 22. 0-0 c5 23. Bxc5 Qc6 24. Qe3 f4 25. Qd2 Qxc5 0-1

[Event "Tbilisi Buslaev Memorial 1st"]
[Site "Tbilisi"]
[Date "2007.04.06"]
[Round "6"]
[White "Gasparian, Tigran"]
[Black "Sikharulidze, Geo"]
[Result "1-0"]
[WhiteElo "2204"]
[BlackElo "2296"]
[PlyCount "101"]
[EventDate "2007.04.03"]
[EventType "tourn"]
[EventRounds "11"]
[EventCountry "GEO"]
[EventCategory "1"]
[SourceTitle "CBM 118 Extra"]
[Source "ChessBase"]
[SourceDate "2007.07.04"]
[SourceVersion "1"]
[SourceVersionDate "2007.07.04"]
[SourceQuality "1"]

1. e4 g6 2. d4 Bg7 3. Nc3 c6 4. Nf3 d6 5. Bc4 Nf6 6. Bb3 0-0 7. Bg5 Qa5 8. Qd2 b5 9. e5 b4 10. exf6 bxc3 11. Qxc3 Qxc3+ 12. bxc3 exf6 13. Bf4 d5 14. c4 Be6 15. c5 a5 16. Ba4 Bg4 17. Kd2 Rc8 18. Rab1 Nd7 19. Rb6 Nxb6 20. cxb6 Rab8 21. Bxb8 Bh6+ 22. Kc3 Rxb8 23. Rb1 Bd7 24. Ne1 Bf8 25. Nd3 Bd6 26. Nc5 Be8 27. b7 Kf8 28. Rb6 Bxc5 29. dxc5 Ke7 30. Kd4 Kd8 31. Bxc6 Bxc6 32. Rxc6 Rxb7 33. Rd6+ Kc8 34. Rb6 Re7 35. Rxf6 Re2 36. Rxf7 Rxc2 37. a3 Rd2+ 38. Ke5 d4 39. Kd6 Rc2 40. c6 Kb8 41. Rf3 a4 42. Kd7 Ka7 43. Rd3 Rxf2 44. Rxd4 Rf7+ 45. Kd6 Rf6+ 46. Kc5 Rf5+ 47. Rd5 Rf2 48. Rd8 Rf5+ 49. Kd6 Rf6+ 50. Kc7 h5 51. Kd7 1-0

[Event "Batumi BCSA op"]
[Site "Batumi"]
[Date "2003.07.22"]
[Round "6"]
[White "Gogochuri, Levan"]
[Black "Gasparian, Tigran"]
[Result "1-0"]
[WhiteElo "2155"]
[BlackElo "2250"]
[PlyCount "73"]
[EventDate "2003.07.16"]
[EventType "swiss"]
[EventRounds "9"]
[EventCountry "GEO"]
[SourceTitle "CBM 095 Extra"]
[Source "ChessBase"]
[SourceDate "2003.09.04"]
[SourceVersion "1"]
[SourceVersionDate "2003.09.04"]
[SourceQuality "1"]

1. d4 d5 2. c4 e6 3. Nc3 c6 4. Nf3 dxc4 5. a4 Bb4 6. e3 b5 7. Bd2 a5 8. axb5 Bxc3 9. Bxc3 cxb5 10. b3 Bb7 11. d5 Nf6 12. bxc4 b4 13. Bxf6 Qxf6 14. Qa4+ Nd7 15. Nd4 Ke7 16. d6+ Kxd6 17. Rd1 Rhd8 18. c5+ Nxc5 19. Qb5 Rdc8 20. Nf5+ Ke5 21. Ng3 Qe7 22. Qc4 Nd3+ 23. Qxd3 Qc5 24. f4+ Kf6 25. Qe2 b3 26. Rd7 Qb4+ 27. Kd1 g6 28. Nh5+ gxh5 29. Qxh5 Rc1+ 30. Kxc1 b2+ 31. Kb1 Qe1+ 32. Qd1 Be4+ 33. Bd3 Qxe3 34. Bxe4 Qxe4+ 35. Qd3 Qc6 36. Qd4+ Kg6 37. f5+ 1-0